00510 2200181 4500001002100000008004100021035002000062245010100082100001900183250000600202260003800208300001200246020002200258084001400280082000800294650001400302990001200316INLIS000000000001172 ind  a0010-0524000407 aGelombang dan optik; Sebagai Persiapan Menuju Olimpiade InternasionalcProf. Yohanes Surya, Ph.D aSurya, Yohanes a1 aTangerang :bPT. KandelcMei 2017 a203 hlm a978-602-6878-39-7 a530 YOH g a530 aNon Fiksi a0744934